01532nam a2200289 a 450000100100000000500170001000800410002702000180006804000250008608200260011110000310013724500840016825000110025226000430026330000350030650000710034150000570041259000260046965000280049565000310052395201390055495201390069395201390083295201240097195201300109599900170122500004813520240704130351.0181120s2018 dr ac 000 p spa d a9781720350569 aDO-SdBNPbspacBNPHU aRD861.44bM336a, 20181 aMatos, Juan,d1955-97561310aAzúcar, cayo y puerto :bla Epopeya del Batey Central Barahona /cJuan Matos. a3a ed. a[Santo Domingo] :bBooks&Smith,c2018. a92 p. :bil., retrs. ;c21 cm. aEdición dedicada al primer centenario del Batey Central Barahona aIncluye datos biográficos del autor en las solapas aInventariado, 2018/LP 0aPoesía dominicana966 0aLiteratura dominicana.967 001054708DSaGRbGRcHDd2018-11-20iLF1l0oRD861.44 M336a, 2018p48135-30r2020-06-25te. 3w2020-06-25yLFDSZPréstamo en sala 001054708DSaGRbGRcHDd2018-11-20iLF1l0oRD861.44 M336a, 2018p48135-40r2020-06-25te. 4w2020-06-25yLFDSZPréstamo en sala 001054708DSaGRbGRcHDd2018-11-20iLF1l0oRD861.44 M336a, 2018p48135-50r2020-06-25te. 5w2020-06-25yLFDSZPréstamo en sala 0010718PDaPDbPDcHDd2018-11-20iLF1l0oRD861.44 M336a, 2018p48135-10r2020-06-25w2020-06-25yLFPDZNo se presta 0010718PDaPDbPDcHDd2018-11-20iLF1l0oRD861.44 M336a, 2018p48135-20r2020-06-25te. 2w2020-06-25yLFPDZNo se presta c47623d47623